Library Banner

آئینہ صداقت (Record no. 74901)

MARC details
000 -LEADER
fixed length control field 00399nam a22001457a 4500
005 - DATE AND TIME OF LATEST TRANSACTION
control field 20150824115710.0
008 - FIXED-LENGTH DATA ELEMENTS--GENERAL INFORMATION
fixed length control field 150824b xxu||||| |||| 00| 0 eng d
040 ## - CATALOGING SOURCE
Transcribing agency PK-LaUMT
082 ## - DEWEY DECIMAL CLASSIFICATION NUMBER
Classification number KHC 297.814
Item number FER-A
100 ## - MAIN ENTRY--PERSONAL NAME
Personal name فیروز الدین
245 ## - TITLE STATEMENT
Title آئینہ صداقت
Statement of responsibility, etc فیروزالدین
260 ## - PUBLICATION, DISTRIBUTION, ETC. (IMPRINT)
Place of publication, distribution, etc لاہور
Name of publisher, distributor, etc اسلامی اکادمی
Date of publication, distribution, etc 1980
300 ## - PHYSICAL DESCRIPTION
Extent 152 ص
942 ## - ADDED ENTRY ELEMENTS (KOHA)
Koha item type Books
Holdings
Withdrawn status Lost status Damaged status Home library Current library Date acquired Full call number Barcode Date last seen Price effective from Koha item type
      UMT Main Campus UMT Main Campus 2015-08-24 KHC 297.814 FER-A 69622 2015-08-24 2015-08-24 Books